000 00926nmm a2200289 a 4500
001 ocm000587516
003 TR-IsHL
005 20201028120527.0
008 130625s2012 tu tur
007 cr cn
020 _a9789758491773
035 _a587516
_b(N$T)
050 0 4 _aPK6561.B44
_bK37 2012
090 0 4 _aPK6561.B44
_bK37 2012
100 1 _aBehrengi, Samed
245 1 0 _aKar tanesinin serüveni
_h[electronic resource] /
_cSamed Behrengi ; ed. Turan Erdem
250 _a1.bs.
260 _aİstanbul :
_bArya Yayıncılık,
_c2012
300 _a48 p.
650 4 _aDil ve Edebiyat
650 4 _aLanguage and Literature
650 0 _aÇocuk öyküleri, İran
650 0 _aChildren's stories, Persian
650 7 _aJUVENILE FICTION / Historical / Middle East
_2bisacsh
700 1 _aErdem, Turan
856 4 0 _uhttp://search.ebscohost.com/login.aspx?direct=true&scope=site&db=e011xww&AN=587516
999 _c834
_d834